000 00331nam a2200145Ia 4500
008 230718s9999 xx 000 0 und d
041 _aEng.
082 _a346.42
_bRAZ-I
100 _aRaza,Ahsan
245 0 _ainternational laws
260 _aPakistan
_bCuul law publisher
_c2014
300 _a190
650 _aLaw
999 _c30262
_d30262